Les 20 villes de plus d'un million d'habitants les plus au Sud - Statistiques

Statistiques générales
  • Ce quiz a été pris 228 fois
  • Le résultat moyen est 11 sur 21
Statistiques - réponses
Latitude Population Réponse % Correct
33° 51′ 22″ S 5 041 275 Sydney
97%
34° 36′ 29″ S 3 120 612 Buenos Aires
89%
33° 55′ 31″ S 3 430 992 Le Cap
88%
26° 12′ 16″ S 7 860 781 Johannesbourg
81%
33° 26′ 16″ S 6 160 040 Santiago
80%
37° 48′ 51″ S 5 103 528 Melbourne
76%
23° 32′ 52″ S 12 284 940 São Paulo
65%
36° 51′ S 1 440 300 Auckland
63%
34° 53′ S 1 304 687 Montevideo
62%
31° 57′ S 2 289 366 Perth
62%
25° 44′ 42″ S 1 763 336 Pretoria
61%
27° 28′ S 2 622 585 Brisbane
52%
34° 55′ 48" S 1 426 803 Adélaïde
49%
25° 58′ S 1 080 277 Maputo
33%
29° 53′ S 2 786 046 Durban
32%
32° 57′ 04″ S 1 339 500 Rosario
24%
31° 24′ 30″ S 1 612 100 Córdoba
23%
30° 01′ 42″ S 1 492 530 Porto Alegre
22%
25° 27′ 19″ S 1 963 730 Curitiba
13%
23° 16′ 29" S 1 404 690 Guarulhos
1%
25° 58′ 12″ S 1 032 197 Matola
1%
Aucun quiz correspondant
Distribution des résultats
% des personnes avec chaque résultat
Percentile par nombre de réponses
Votre historique - résultats
Vous n’avez pas pris ce quiz